|
|
|
|
| LEADER |
01799nam a2200289 a 4500 |
| 001 |
GR-MES2640 |
| 008 |
991111s1997 gr 000 0 gre d |
| 020 |
|
|
|a 9608517648
|
| 040 |
|
|
|a GrPaTEI
|b gre
|c GR-PaULI
|
| 245 |
0 |
2 |
|a Ο σύγχρονος κόσμος των υπολογιστών :
|b Εισαγωγή σε υπολογιστές & πληροφορική /
|c Ηλίας Α. Λυπιτάκης.
|
| 260 |
|
|
|a Αθήνα :
|b Λέα,
|c 1997
|
| 300 |
|
|
|a 368σελ. :
|b σχημ.
|
| 490 |
0 |
|
|a Βιβλία επιστημονικών υπολογισμών και πληροφορικής
|
| 500 |
|
|
|a Ευρετήριο σελ:(354-369)
|
| 504 |
|
|
|a Βιβλιογραφία και παραπομπές σελ:(328-353)
|
| 650 |
|
4 |
|a Η/Υ
|
| 650 |
|
4 |
|a Ηλεκτρονικοί Υπολογιστές
|
| 650 |
|
4 |
|a Πληροφορική
|
| 700 |
1 |
|
|a Λυπιτάκης, Η.
|
| 710 |
0 |
|
|a Λέα
|
| 942 |
|
|
|2 ddc
|
| 952 |
|
|
|0 0
|1 0
|2 ddc
|4 0
|6 004_000000000000000_ΛΥΠ
|7 0
|9 267057
|a MSLG
|b MSLG
|c BSC
|d 2021-01-17
|e 24
|f 0
|g 0.00
|l 0
|o 004 ΛΥΠ
|p 2420000006356
|r 2021-01-17 00:00:00
|t 1
|w 2021-01-17
|y BK15
|x 19991111 0 1
|x GrPaTEI
|
| 952 |
|
|
|0 0
|1 0
|2 ddc
|4 0
|6 004_000000000000000_ΛΥΠ
|7 0
|9 267058
|a MSLG
|b MSLG
|c BSC
|d 2021-01-17
|e 24
|f 0
|g 0.00
|l 0
|o 004 ΛΥΠ
|p 2420000014478
|r 2021-01-17 00:00:00
|t 1
|w 2021-01-17
|y BK15
|x 19991111 0 1
|x GrPaTEI
|
| 952 |
|
|
|0 0
|1 0
|2 ddc
|4 0
|6 004_000000000000000_ΛΥΠ
|7 0
|9 267059
|a MSLG
|b MSLG
|c BSC
|d 2021-01-17
|e 24
|f 0
|g 0.00
|l 0
|o 004 ΛΥΠ
|p 2420000016899
|r 2021-01-17 00:00:00
|t 1
|w 2021-01-17
|y BK15
|x 20000524 0 1
|x GrPaTEI
|
| 952 |
|
|
|0 0
|1 0
|2 ddc
|4 0
|6 004_000000000000000_ΛΥΠ
|7 0
|9 267061
|a MSLG
|b MSLG
|c BSC
|d 2021-01-17
|e 24
|f 0
|g 0.00
|l 0
|o 004 ΛΥΠ
|p 2420000018820
|r 2021-01-17 00:00:00
|t 1
|w 2021-01-17
|y BK15
|x 20040423 0 1
|x GrPaTEI
|
| 971 |
|
|
|a .b25736851
|b 16-04-20
|c 13-09-16
|
| 999 |
|
|
|c 153712
|d 153712
|